Histoire de la philosophie moderne

保存先:
書誌詳細
第一著者: Verneaux, Roger (著者)
フォーマット: 図書
言語:フランス語
出版事項: París Beauchesne et Ses Fils 1958
シリーズ:Cours de Philosophie Thomiste
主題:
タグ: タグ追加
タグなし, このレコードへの初めてのタグを付けませんか!

MARC

LEADER 00000nam a2200000 a 4500
001 UCZ5229
003 CL-VaPUC
005 20241127084741.0
008 951117e19580000FR |||||||||||||||||fre|d
999 |c 241549  |d 241547 
040 |c Pontificia Universidad Católica de Valparaíso 
082 0 4 |a 190  |b VER  |2 21 
100 0 |a Verneaux, Roger  |e author  |9 349190 
245 1 0 |a Histoire de la philosophie moderne 
260 |a París  |b Beauchesne et Ses Fils  |c 1958 
300 |a 204 p 
490 0 |a Cours de Philosophie Thomiste 
583 |a last modification  |c 19951117 00:00:00  |k Rodrigo Vera 
600 0 |a Descartes, René  |e autor  |9 265906 
600 0 |a Pascal, Blaise   |q (Pascal, Blas)  |d 1623-1662  |9 880816 
600 0 7 |a SPINOZA, BENEDICTUS DE  |2 CL-VaPUC  |9 319727 
600 0 |a Malebranche, Nicolás,  |d 1638-1715  |9 348518 
600 0 |a Kant, Immanuel,  |d 1724-1804  |9 858687 
600 0 |a Leibniz, Gottfried Wilhelm   |d 1646-1716  |9 860284 
650 0 |a Filosofía moderna  |9 258121 
650 0 |a Historia  |9 255047 
650 0 |a Escuelas filosóficas   |9 266232 
650 0 |a Empirismo  |9 255037 
650 0 |a Idealismo  |9 265685 
942 |c BK  |2 ddc 
945 |d 19951117 00:00:00  |a cmena 
952 |0 0  |1 0  |4 0  |6 190_000000000000000_VER_1958  |7 0  |8 P  |9 253899  |a BIBEDU  |b BIBEDU  |c BIBEDU_PB  |d 2019-11-19  |i 1573020  |o 190 VER 1958  |p 1573020  |r 2024-01-25  |w 2019-11-19  |y BK  |k FIL